| 000 | 00636nam a22001817a 4500 | ||
|---|---|---|---|
| 005 | 20260614100028.0 | ||
| 008 | 260614b |||||||| |||| 00| 0 eng d | ||
| 020 | _aN/A | ||
| 040 | _c. | ||
| 082 | _a811.9531 S528 1989 | ||
| 100 | _aالسويداء , عبد الرحمن بن زيد | ||
| 245 |
_aلواعج : _bشعر / _cعبد الرحمن بن زيد السويداء |
||
| 250 | _a1 ط | ||
| 260 | _bالسعودية , الرياض , دار السويداء للنشر والتوزيع , 1989 | ||
| 300 |
_a211 ص _c22 سم |
||
| 650 | _z الشعر العربي -- السعودية -- قرن 20 | ||
| 942 |
_2ddc _cBK-AR _n0 |
||
| 999 |
_c8986 _d8986 |
||